000 00286nam a22001337a 4500
008 170601b xxu||||| |||| 00| 0 eng d
020 _a11882445
041 _aeng
080 _a94(7/8)
100 _a17
101 _aSHH
245 _aPARTING THE WATERS
_cBRANCH, T
942 _2udc
_cBK
999 _c15465
_d15465